Sports Quiz

Random Sports or World Cup Quiz

Who Eliminated Whom, 2010 FIFA World Cup Quiz Stats

 Plays Quiz Updated Jan 27, 2013

Challenge
Share
Tweet
Embed
Score 0/15 Timer 01:30
0 Plays Today
Team Eliminating Team % Correct
GermanySpain
81.7%
ArgentinaGermany
80.6%
NetherlandsSpain
78.5%
BrazilNetherlands
77.9%
EnglandGermany
76.5%
GhanaUruguay
69.7%
UruguayNetherlands
55.4%
PortugalSpain
53.5%
Team Eliminating Team % Correct
United StatesGhana
49.7%
ParaguaySpain
48.9%
ChileBrazil
47.1%
MexicoArgentina
37.9%
SlovakiaNetherlands
30.7%
JapanParaguay
27.9%
South KoreaUruguay
24.2%

You're not logged in!

Compare scores with friends on all Sporcle quizzes.
Join for Free
OR
Log In

You Might Also Like...

Show Comments

Extras

Top Quizzes Today


Score Distribution

Your Account Isn't Verified!

In order to create a playlist on Sporcle, you need to verify the email address you used during registration. Go to your Sporcle Settings to finish the process.

Report this User

Report this user for behavior that violates our Community Guidelines.

Details: